[Event "Agen 2017 - National Féminin"]
[Site "?"]
[Date "2017.08.27"]
[Round "9.4"]
[White "Safranska, Anda"]
[Black "Maisuradze, Nino"]
[Result "1/2-1/2"]
[BlackElo "2280"]
[WhiteElo "2224"]
[LiveChessVersion "1.4.8"]

1. e4 {[%clk 1:30:53]} c5 {[%clk 1:25:28]} 2. Nc3 {[%clk 1:30:47]} Nc6
{[%clk 1:25:37]} 3. g3 {[%clk 1:31:05]} g6 {[%clk 1:22:09]} 4. Bg2
{[%clk 1:31:27]} Bg7 {[%clk 1:22:37]} 5. d3 {[%clk 1:31:49]} d6 {[%clk 1:17:36]}
6. Be3 {[%clk 1:30:49]} e6 {[%clk 1:11:54]} 7. Qd2 {[%clk 1:29:55]} Qd7
{[%clk 1:10:24]} 8. f4 {[%clk 1:27:55]} Nge7 {[%clk 1:09:40]} 9. h4
{[%clk 1:27:22]} h5 {[%clk 1:07:16]} 10. Nf3 {[%clk 1:24:40]} Nd4
{[%clk 1:06:05]} 11. Ng5 {[%clk 1:23:57]} b6 {[%clk 0:53:12]} 12. O-O
{[%clk 1:21:38]} Bb7 {[%clk 0:52:42]} 13. Nd1 {[%clk 1:21:23]} f6
{[%clk 0:39:25]} 14. Nh3 {[%clk 1:19:54]} d5 {[%clk 0:37:48]} 15. c3
{[%clk 1:18:56]} Ndc6 {[%clk 0:37:21]} 16. Qc2 {[%clk 1:11:01]} Ba6
{[%clk 0:22:08]} 17. exd5 {[%clk 1:09:03]} Nxd5 {[%clk 0:18:43]} 18. Re1
{[%clk 1:03:35]} Nde7 {[%clk 0:13:29]} 19. Ndf2 {[%clk 1:00:39]} O-O
{[%clk 0:12:09]} 20. Rad1 {[%clk 1:00:45]} Nf5 {[%clk 0:10:06]} 21. Kh2
{[%clk 1:00:48]} Rad8 {[%clk 0:09:21]} 22. Bc1 {[%clk 0:51:43]} Rfe8
{[%clk 0:09:19]} 23. Be4 {[%clk 0:48:15]} Bb7 {[%clk 0:08:30]} 24. a3
{[%clk 0:48:23]} Qc7 {[%clk 0:08:42]} 25. Qe2 {[%clk 0:43:11]} Kf7
{[%clk 0:05:15]} 26. Qf1 {[%clk 0:39:35]} Rh8 {[%clk 0:02:03]} 27. Qg2
{[%clk 0:39:26]} Rd7 {[%clk 0:02:00]} 28. Kg1 {[%clk 0:32:16]} Bf8
{[%clk 0:01:35]} 29. Rd2 {[%clk 0:30:08]} Bd6 {[%clk 0:01:39]} 30. Nd1
{[%clk 0:29:52]} Nd8 {[%clk 0:00:50]} 31. Rde2 {[%clk 0:28:49]} Rg8
{[%clk 0:00:54]} 32. Ne3 {[%clk 0:25:54]} b5 {[%clk 0:01:00]} 33. Qf3
{[%clk 0:24:03]} a5 {[%clk 0:01:18]} 34. Nxf5 {[%clk 0:23:09]} exf5
{[%clk 0:01:41]} 35. Bd5+ {[%clk 0:21:10]} Kg7 {[%clk 0:02:07]} 36. Bxb7
{[%clk 0:19:42]} Nxb7 {[%clk 0:02:11]} 37. Nf2 {[%clk 0:18:18]} Rgd8
{[%clk 0:01:40]} 38. Re6 {[%clk 0:17:10]} Re7 {[%clk 0:01:31]} 39. Rxe7+
{[%clk 0:11:50]} Bxe7 {[%clk 0:01:59]} 40. Re6 {[%clk 0:41:24]} Nd6
{[%clk 0:30:38]} 41. Re2 {[%clk 0:40:20]} a4 {[%clk 0:24:19]} 42. Be3
{[%clk 0:39:34]} Rd7 {[%clk 0:20:12]} 43. Qa8 {[%clk 0:28:56]} Rd8
{[%clk 0:19:08]} 44. Qf3 {[%clk 0:29:18]} Rd7 {[%clk 0:17:27]} 45. Qa8
{[%clk 0:29:36]} Rd8 {[%clk 0:13:05]} 46. Qf3 1/2-1/2

[Event "Agen 2017 - National Féminin"]
[Site "?"]
[Date "2017.08.27"]
[Round "9.5"]
[White "Malassagne, Isabelle"]
[Black "Benmesbah, Natacha"]
[Result "0-1"]
[BlackElo "2271"]
[WhiteElo "2061"]
[LiveChessVersion "1.4.8"]

1. d4 {[%clk 1:30:56]} Nf6 {[%clk 1:30:57]} 2. c4 {[%clk 1:31:22]} c5
{[%clk 1:31:24]} 3. d5 {[%clk 1:31:48]} e6 {[%clk 1:31:52]} 4. Nc3
{[%clk 1:32:13]} exd5 {[%clk 1:32:20]} 5. cxd5 {[%clk 1:32:35]} d6
{[%clk 1:32:47]} 6. e4 {[%clk 1:32:54]} g6 {[%clk 1:33:14]} 7. f4
{[%clk 1:33:14]} Qe7 {[%clk 1:32:04]} 8. Bb5+ {[%clk 1:15:17]} Nbd7
{[%clk 1:26:16]} 9. Qe2 {[%clk 1:12:16]} a6 {[%clk 1:26:02]} 10. Bxd7+
{[%clk 1:12:16]} Nxd7 {[%clk 1:26:20]} 11. Nf3 {[%clk 1:09:22]} Bg7
{[%clk 1:26:44]} 12. O-O {[%clk 1:05:44]} O-O {[%clk 1:27:10]} 13. Rd1
{[%clk 0:49:01]} Re8 {[%clk 1:21:34]} 14. a4 Bxc3 {[%clk 1:19:46]} 15. bxc3
{[%clk 0:43:39]} Qxe4 {[%clk 1:20:13]} 16. Qf2 {[%clk 0:40:58]} Qe2
{[%clk 1:19:04]} 17. Qxe2 {[%clk 0:39:05]} Rxe2 {[%clk 1:19:31]} 18. f5
{[%clk 0:29:29]} Nf6 {[%clk 1:18:55]} 19. fxg6 {[%clk 0:29:14]} hxg6
{[%clk 1:19:04]} 20. Bf4 {[%clk 0:29:06]} Ne4 {[%clk 1:17:46]} 21. Re1
{[%clk 0:26:42]} Nxc3 {[%clk 1:14:40]} 22. Bxd6 {[%clk 0:26:35]} Bf5
{[%clk 1:10:04]} 23. Bxc5 {[%clk 0:26:53]} Rc8 {[%clk 1:09:32]} 24. Bd4
{[%clk 0:25:32]} Rxe1+ {[%clk 1:09:50]} 25. Rxe1 {[%clk 0:25:56]} Nxd5
{[%clk 1:10:17]} 26. Kf2 {[%clk 0:19:07]} f6 {[%clk 1:08:57]} 27. a5
{[%clk 0:10:53]} Nf4 {[%clk 1:05:33]} 28. Rd1 {[%clk 0:06:49]} Kf7
{[%clk 1:05:57]} 29. h3 {[%clk 0:05:37]} g5 {[%clk 1:06:03]} 30. Be3
{[%clk 0:05:02]} Nd3+ {[%clk 1:00:35]} 31. Kg1 {[%clk 0:04:52]} Nb2
{[%clk 0:58:54]} 32. Ra1 {[%clk 0:01:23]} Nc4 {[%clk 0:58:46]} 33. Bf2
{[%clk 0:01:25]} Nd6 {[%clk 0:57:33]} 34. Nd4 {[%clk 0:01:38]} Be4
{[%clk 0:57:57]} 35. Nb3 {[%clk 0:01:12]} Rc3 {[%clk 0:55:16]} 36. Nc5
{[%clk 0:01:27]} Bc6 {[%clk 0:55:43]} 37. Rd1 {[%clk 0:00:50]} Ne4
{[%clk 0:52:03]} 38. Nxe4 {[%clk 0:01:18]} Bxe4 {[%clk 0:52:29]} 39. Rd2
{[%clk 0:01:22]} Ke6 {[%clk 0:49:57]} 40. Bb6 {[%clk 0:31:27]} f5
{[%clk 1:19:11]} 41. Bd8 {[%clk 0:27:38]} g4 {[%clk 1:19:20]} 42. hxg4
{[%clk 0:19:14]} fxg4 {[%clk 1:19:47]} 43. Re2 {[%clk 0:16:21]} Kf5
{[%clk 1:18:47]} 44. Rf2+ {[%clk 0:16:12]} Kg6 {[%clk 1:18:50]} 45. Kf1
{[%clk 0:08:05]} g3 {[%clk 1:15:40]} 46. Rd2 {[%clk 0:08:29]} Re3
{[%clk 1:11:58]} 47. Rd1 {[%clk 0:07:17]} Bd3+ {[%clk 1:11:27]} 48. Kg1
{[%clk 0:07:46]} Re2 {[%clk 1:11:48]} 49. Bc7 {[%clk 0:03:44]} Be4
{[%clk 1:12:05]} 50. Kf1 {[%clk 0:02:36]} Rf2+ {[%clk 1:12:14]} 51. Ke1
{[%clk 0:02:56]} Rxg2 {[%clk 1:12:40]} 52. Rd8 {[%clk 0:02:40]} Rg1+
{[%clk 1:11:43]} 53. Ke2 {[%clk 0:03:09]} g2 {[%clk 1:12:08]} 54. Rg8+
{[%clk 0:03:17]} Kf7 {[%clk 1:12:14]} 55. Rg3 {[%clk 0:02:45]} Rb1
{[%clk 1:11:02]} 56. Bb6 {[%clk 0:03:02]} Ke6 {[%clk 1:11:06]} 57. Ke3
{[%clk 0:03:03]} Ke5 58. Kd4+ 0-1

[Event "Agen 2017 - Accession"]
[Site "?"]
[Date "2017.08.27"]
[Round "9.3"]
[White "Lamard, Guillaume"]
[Black "Barbot, Pierre"]
[Result "1-0"]
[LiveChessVersion "1.4.8"]
[BlackElo "2453"]
[WhiteElo "2347"]

1. d4 {[%clk 1:30:49]} Nf6 {[%clk 1:30:56]} 2. c4 {[%clk 1:31:14]} e6
{[%clk 1:31:22]} 3. g3 {[%clk 1:31:20]} d5 {[%clk 1:31:42]} 4. Nf3
{[%clk 1:31:39]} dxc4 {[%clk 1:30:42]} 5. Bg2 {[%clk 1:32:04]} Bd7
{[%clk 1:31:09]} 6. Ne5 {[%clk 1:32:15]} Bc6 {[%clk 1:31:32]} 7. Nxc6
{[%clk 1:32:40]} Nxc6 {[%clk 1:31:58]} 8. e3 {[%clk 1:33:04]} Qd7
{[%clk 1:32:24]} 9. O-O {[%clk 1:33:19]} O-O-O {[%clk 1:32:49]} 10. Qa4
{[%clk 1:32:46]} Nd5 {[%clk 1:33:02]} 11. Qxc4 {[%clk 1:28:33]} h5
{[%clk 1:33:27]} 12. a3 {[%clk 1:28:49]} h4 {[%clk 1:29:58]} 13. b4
{[%clk 1:29:12]} f5 {[%clk 1:30:22]} 14. b5 {[%clk 1:21:27]} Nce7
{[%clk 1:30:32]} 15. a4 {[%clk 1:21:51]} hxg3 {[%clk 1:29:16]} 16. hxg3
{[%clk 1:22:11]} Kb8 {[%clk 1:27:06]} 17. a5 {[%clk 1:09:07]} g5 {[%clk 1:10:20]}
18. Bd2 {[%clk 1:04:23]} Bg7 {[%clk 1:03:19]} 19. Nc3 {[%clk 0:58:14]} f4
{[%clk 1:03:18]} 20. b6 {[%clk 0:53:37]} cxb6 {[%clk 0:57:41]} 21. axb6
{[%clk 0:53:49]} a6 {[%clk 0:58:07]} 22. Ne4 {[%clk 0:44:49]} Rdf8
{[%clk 0:35:46]} 23. Nc5 {[%clk 0:44:11]} Qc6 {[%clk 0:36:14]} 24. exf4
{[%clk 0:36:08]} gxf4 {[%clk 0:36:22]} 25. Bxf4+ {[%clk 0:36:28]} Rxf4
{[%clk 0:35:44]} 26. gxf4 {[%clk 0:36:54]} Rg8 {[%clk 0:34:28]} 27. Rfc1
{[%clk 0:31:56]} Bxd4 {[%clk 0:11:22]} 28. Qxd4 {[%clk 0:32:01]} Nc3
{[%clk 0:11:48]} 29. Qe5+ {[%clk 0:31:54]} Kc8 {[%clk 0:07:45]} 30. Qxe6+
{[%clk 0:32:13]} 1-0

[Event "Agen 2017 - Accession"]
[Site "?"]
[Date "2017.08.27"]
[Round "9.4"]
[White "Demuth, Adrien"]
[Black "Duboue, Peio"]
[Result "1-0"]
[LiveChessVersion "1.4.8"]
[BlackElo "2403"]
[WhiteElo "2540"]

1. Nf3 {[%clk 1:29:23]} d6 {[%clk 1:30:37]} 2. d4 {[%clk 1:29:44]} Nf6
{[%clk 1:30:35]} 3. b3 {[%clk 1:28:17]} Bf5 {[%clk 1:28:11]} 4. Bb2
{[%clk 1:28:12]} h6 {[%clk 1:26:32]} 5. e3 {[%clk 1:25:46]} c6 {[%clk 1:23:51]}
6. Bd3 {[%clk 1:25:36]} Bxd3 {[%clk 1:24:17]} 7. Qxd3 {[%clk 1:26:01]} d5
{[%clk 1:23:49]} 8. Nbd2 {[%clk 1:22:56]} e6 {[%clk 1:22:28]} 9. O-O
{[%clk 1:16:48]} Qa5 {[%clk 1:15:48]} 10. Ne5 {[%clk 1:05:25]} Bb4
{[%clk 1:11:50]} 11. c3 Be7 {[%clk 1:09:20]} 12. f4 {[%clk 1:02:41]} O-O
{[%clk 1:05:02]} 13. f5 {[%clk 0:56:16]} exf5 {[%clk 1:05:07]} 14. Qxf5
{[%clk 0:56:06]} Qc7 {[%clk 1:03:59]} 15. e4 {[%clk 0:50:29]} dxe4
{[%clk 0:57:37]} 16. Nxe4 {[%clk 0:50:43]} Nxe4 {[%clk 0:57:56]} 17. Qxe4
{[%clk 0:50:28]} Bd6 {[%clk 0:56:51]} 18. Nxf7 {[%clk 0:31:47]} Rxf7
{[%clk 0:44:55]} 19. Qe8+ {[%clk 0:31:50]} Bf8 {[%clk 0:45:10]} 20. Ba3
{[%clk 0:31:36]} Qd7 {[%clk 0:44:18]} 21. Rae1 {[%clk 0:28:20]} b6
{[%clk 0:24:17]} 22. Rxf7 {[%clk 0:27:03]} 1-0

[Event "Agen 2017 - Vétérans"]
[Site "?"]
[Date "2017.08.27"]
[Round "9.1"]
[White "Prie, Eric"]
[Black "Caderon, Michel"]
[Result "1-0"]
[LiveChessVersion "1.4.8"]
[BlackElo "1965"]
[WhiteElo "2481"]

1. d4 {[%clk 1:30:53]} Nf6 {[%clk 1:30:52]} 2. Nf3 {[%clk 1:31:14]} g6
{[%clk 1:31:08]} 3. Bf4 {[%clk 1:31:34]} Bg7 {[%clk 1:31:19]} 4. e3
{[%clk 1:31:54]} d6 {[%clk 1:31:17]} 5. Be2 {[%clk 1:32:13]} O-O {[%clk 1:31:09]}
6. O-O {[%clk 1:32:34]} Nbd7 {[%clk 1:30:59]} 7. h3 {[%clk 1:32:54]} b6
{[%clk 1:31:22]} 8. a4 {[%clk 1:33:01]} a5 {[%clk 1:30:52]} 9. Na3
{[%clk 1:32:49]} Bb7 {[%clk 1:29:36]} 10. c3 {[%clk 1:33:10]} Re8
{[%clk 1:27:28]} 11. Bh2 {[%clk 1:32:37]} e5 {[%clk 1:20:23]} 12. Nb5
{[%clk 1:32:53]} Rc8 {[%clk 1:13:45]} 13. Qc2 {[%clk 1:27:23]} Qe7
{[%clk 1:12:08]} 14. Rfd1 {[%clk 1:25:42]} e4 {[%clk 1:06:34]} 15. Nd2
{[%clk 1:22:35]} Nd5 {[%clk 1:06:08]} 16. Bc4 {[%clk 0:50:42]} N7f6
{[%clk 1:02:47]} 17. Rab1 {[%clk 0:41:50]} h5 {[%clk 0:57:53]} 18. b4
{[%clk 0:41:53]} Ra8 {[%clk 0:57:01]} 19. bxa5 {[%clk 0:37:53]} bxa5
{[%clk 0:42:19]} 20. Bf1 {[%clk 0:38:15]} Bc6 {[%clk 0:36:37]} 21. Nb3
{[%clk 0:37:49]} Rec8 {[%clk 0:19:15]} 22. Nc1 {[%clk 0:35:53]} Bf8
{[%clk 0:15:33]} 23. Na2 {[%clk 0:36:04]} Qd8 {[%clk 0:13:27]} 24. c4
{[%clk 0:36:04]} Nb6 {[%clk 0:13:13]} 25. Nac3 {[%clk 0:36:17]} d5
{[%clk 0:09:10]} 26. Nxc7 {[%clk 0:28:15]} Rxc7 {[%clk 0:07:20]} 27. Rxb6
{[%clk 0:28:39]} Rcc8 {[%clk 0:07:37]} 28. c5 {[%clk 0:28:46]} Qd7
{[%clk 0:06:28]} 29. Ba6 {[%clk 0:26:43]} Re8 {[%clk 0:05:39]} 30. Bb5
{[%clk 0:24:46]} Rec8 {[%clk 0:04:51]} 31. Rb1 {[%clk 0:22:40]} Be7
{[%clk 0:05:03]} 32. Be5 {[%clk 0:20:32]} Ne8 {[%clk 0:03:38]} 33. Qb3
{[%clk 0:18:49]} Bd8 {[%clk 0:03:12]} 34. Rxc6 {[%clk 0:16:35]} Rxc6
{[%clk 0:03:24]} 35. Bxc6 {[%clk 0:16:56]} Qxc6 {[%clk 0:03:48]} 36. Qxd5
{[%clk 0:17:19]} 1-0

[Event "Agen 2017 - Vétérans"]
[Site "?"]
[Date "2017.08.27"]
[Round "9.2"]
[White "Faber, Michel"]
[Black "Vareille, Francois"]
[Result "0-1"]
[LiveChessVersion "1.4.8"]
[BlackElo "2424"]
[WhiteElo "2097"]

1. c4 {[%clk 1:30:58]} Nf6 {[%clk 1:30:40]} 2. Nc3 {[%clk 1:31:16]} c5
{[%clk 1:30:47]} 3. g3 {[%clk 1:31:17]} d5 {[%clk 1:30:41]} 4. cxd5
{[%clk 1:31:14]} Nxd5 {[%clk 1:31:05]} 5. Bg2 {[%clk 1:31:28]} Nc7
{[%clk 1:31:20]} 6. d3 {[%clk 1:28:40]} e5 {[%clk 1:30:24]} 7. Nf3
{[%clk 1:26:20]} Nc6 {[%clk 1:30:36]} 8. O-O {[%clk 1:25:29]} Be7
{[%clk 1:30:53]} 9. Nd2 {[%clk 1:16:48]} O-O {[%clk 1:28:29]} 10. Nc4
{[%clk 1:16:24]} f6 {[%clk 1:28:34]} 11. f4 {[%clk 1:16:06]} exf4
{[%clk 1:28:02]} 12. gxf4 {[%clk 1:15:30]} f5 {[%clk 1:26:24]} 13. Be3
{[%clk 0:55:25]} Be6 {[%clk 1:22:23]} 14. Bf2 {[%clk 0:48:26]} Qd7
{[%clk 1:15:34]} 15. Rc1 {[%clk 0:42:26]} Rab8 {[%clk 1:12:15]} 16. b3
{[%clk 0:40:45]} Rbd8 {[%clk 1:09:42]} 17. Qd2 {[%clk 0:35:30]} b6
{[%clk 1:06:04]} 18. Kh1 {[%clk 0:33:37]} Bf6 {[%clk 1:03:23]} 19. Rfd1
{[%clk 0:33:25]} Rfe8 {[%clk 1:02:02]} 20. e4 {[%clk 0:28:14]} fxe4
{[%clk 0:48:22]} 21. Nxe4 {[%clk 0:26:00]} Be7 {[%clk 0:45:59]} 22. Qb2
{[%clk 0:19:48]} Nd5 {[%clk 0:44:17]} 23. Ne5 {[%clk 0:17:03]} Nxe5
{[%clk 0:43:58]} 24. Qxe5 {[%clk 0:17:16]} Rf8 {[%clk 0:42:55]} 25. Ng5
{[%clk 0:16:28]} Bxg5 {[%clk 0:42:03]} 26. Qxg5 {[%clk 0:16:32]} Nxf4
{[%clk 0:42:03]} 0-1

[Event "Agen 2017 - Vétérans"]
[Site "?"]
[Date "2017.08.27"]
[Round "9.3"]
[White "Goldenberg, Richard"]
[Black "Ferrigno, Jean-Pierre"]
[Result "1/2-1/2"]
[LiveChessVersion "1.4.8"]
[BlackElo "1920"]
[WhiteElo "2216"]

1. e4 {[%clk 1:30:58]} d6 {[%clk 1:30:31]} 2. d4 {[%clk 1:31:03]} Nf6
{[%clk 1:30:46]} 3. Nc3 {[%clk 1:30:49]} c6 {[%clk 1:31:07]} 4. f4
{[%clk 1:29:24]} Qa5 {[%clk 1:30:02]} 5. Bd3 {[%clk 1:27:10]} e5 {[%clk 1:30:01]}
6. Nf3 {[%clk 1:22:07]} exd4 {[%clk 1:29:50]} 7. Nxd4 {[%clk 1:22:02]} Qb6
{[%clk 1:26:27]} 8. Nf3 {[%clk 1:14:32]} Be7 {[%clk 1:23:15]} 9. Qe2
{[%clk 1:13:49]} Bg4 {[%clk 1:19:02]} 10. Bd2 {[%clk 1:08:53]} d5
{[%clk 1:09:44]} 11. exd5 {[%clk 1:00:22]} cxd5 {[%clk 1:01:18]} 12. O-O-O
{[%clk 1:00:14]} Nc6 {[%clk 0:56:37]} 13. Bb5 {[%clk 0:57:58]} d4
{[%clk 0:50:04]} 14. Na4 {[%clk 0:54:01]} Qc7 {[%clk 0:48:55]} 15. Nc5
{[%clk 0:42:58]} O-O {[%clk 0:48:11]} 16. Nb3 {[%clk 0:42:20]} Rfe8
{[%clk 0:44:37]} 17. Qc4 {[%clk 0:37:27]} Be6 {[%clk 0:43:00]} 18. Qe2
{[%clk 0:37:46]} Bg4 {[%clk 0:43:24]} 19. Qc4 {[%clk 0:38:04]} Be6
{[%clk 0:43:46]} 20. Qe2 {[%clk 0:38:15]} Bg4 1/2-1/2

[Event "Agen 2017 - Vétérans"]
[Site "?"]
[Date "2017.08.27"]
[Round "9.4"]
[White "Grelier, Gilles"]
[Black "Saucey, Michel"]
[Result "0-1"]
[LiveChessVersion "1.4.8"]
[BlackElo "2292"]
[WhiteElo "1855"]

1. d4 {[%clk 1:30:56]} g6 {[%clk 1:30:57]} 2. c4 {[%clk 1:31:18]} Bg7
{[%clk 1:31:23]} 3. Nc3 {[%clk 1:31:38]} d6 {[%clk 1:31:51]} 4. e4
{[%clk 1:31:47]} e5 {[%clk 1:32:17]} 5. dxe5 {[%clk 1:30:24]} dxe5
{[%clk 1:32:43]} 6. Qxd8+ {[%clk 1:30:47]} Kxd8 {[%clk 1:33:11]} 7. f4
{[%clk 1:30:23]} Be6 {[%clk 1:32:48]} 8. Nf3 {[%clk 1:30:24]} Nd7
{[%clk 1:20:21]} 9. Ng5 {[%clk 1:16:39]} Ne7 {[%clk 1:18:37]} 10. Nxe6+
{[%clk 1:12:08]} fxe6 {[%clk 1:19:03]} 11. fxe5 {[%clk 1:02:57]} h6
{[%clk 1:14:56]} 12. Be3 {[%clk 0:59:34]} Nc6 {[%clk 1:13:11]} 13. O-O-O
{[%clk 0:59:01]} Bxe5 {[%clk 1:01:46]} 14. Be2 {[%clk 0:50:34]} Ke7
{[%clk 1:00:15]} 15. Rhf1 {[%clk 0:41:27]} Bxh2 {[%clk 0:55:31]} 16. Rh1
{[%clk 0:41:49]} Be5 {[%clk 0:55:56]} 17. Bxh6 {[%clk 0:42:01]} Rxh6
{[%clk 0:56:16]} 0-1

[Event "Agen 2017 - Open A"]
[Site "?"]
[Date "2017.08.27"]
[Round "9.1"]
[White "Fruchard, Cyrille"]
[Black "Degraeve, Remy"]
[Result "1-0"]
[LiveChessVersion "1.4.8"]
[BlackElo "2117"]
[WhiteElo "2168"]

1. d4 {[%clk 1:30:58]} d6 {[%clk 1:30:56]} 2. c4 {[%clk 1:30:50]} e5
{[%clk 1:31:22]} 3. e3 {[%clk 1:30:28]} Nd7 {[%clk 1:31:26]} 4. Nf3
{[%clk 1:30:26]} g6 {[%clk 1:31:42]} 5. Nc3 {[%clk 1:30:46]} Bg7 {[%clk 1:31:59]}
6. Be2 {[%clk 1:30:47]} f5 {[%clk 1:31:14]} 7. O-O {[%clk 1:27:37]} Ngf6
{[%clk 1:29:00]} 8. b4 {[%clk 1:20:50]} O-O {[%clk 1:27:56]} 9. Qb3
{[%clk 1:17:08]} Kh8 {[%clk 1:25:31]} 10. a4 {[%clk 1:04:02]} c6 {[%clk 1:19:54]}
11. Ba3 {[%clk 1:02:50]} Ne8 {[%clk 1:05:42]} 12. dxe5 {[%clk 0:54:53]} Nxe5
{[%clk 1:01:04]} 13. b5 {[%clk 0:49:46]} g5 {[%clk 0:58:04]} 14. Nxe5
{[%clk 0:41:09]} Bxe5 {[%clk 0:58:05]} 15. f4 {[%clk 0:38:22]} gxf4
{[%clk 0:56:37]} 16. exf4 {[%clk 0:38:33]} Bd4+ {[%clk 0:54:55]} 17. Kh1
{[%clk 0:38:56]} Be6 {[%clk 0:50:55]} 18. Rad1 {[%clk 0:37:13]} Bg7
{[%clk 0:50:19]} 19. Bh5 {[%clk 0:30:55]} Bf7 {[%clk 0:45:46]} 20. Bxf7
{[%clk 0:30:21]} Rxf7 {[%clk 0:46:12]} 21. Ne2 {[%clk 0:30:02]} Qf6
{[%clk 0:33:48]} 22. Nd4 {[%clk 0:29:27]} Rc8 {[%clk 0:33:33]} 23. Rfe1
{[%clk 0:28:32]} d5 {[%clk 0:20:12]} 24. Ne6 {[%clk 0:20:36]} dxc4
{[%clk 0:19:00]} 25. Qxc4 {[%clk 0:19:06]} Qc3 {[%clk 0:19:02]} 26. Qxc3
{[%clk 0:17:37]} Bxc3 {[%clk 0:19:28]} 27. Re3 {[%clk 0:17:46]} Bf6
{[%clk 0:15:31]} 28. Nd8 {[%clk 0:16:42]} Nd6 {[%clk 0:03:57]} 29. Nxf7+
{[%clk 0:13:56]} Nxf7 {[%clk 0:04:24]} 30. Rd7 {[%clk 0:13:10]} Kg7
{[%clk 0:01:51]} 31. Rg3+ {[%clk 0:13:17]} 1-0

[Event "Agen 2017 - Open A"]
[Site "?"]
[Date "2017.08.27"]
[Round "9.2"]
[White "Duquesne, Adrien"]
[Black "Bacrot, Alexandre"]
[Result "*"]
[LiveChessVersion "1.4.8"]
[BlackElo "2131"]
[WhiteElo "2172"]

1. d4 {[%clk 1:20:04]} Nf6 {[%clk 1:30:44]} 2. c4 {[%clk 1:19:23]} e6
{[%clk 1:31:11]} 3. Nc3 {[%clk 1:16:12]} d5 {[%clk 1:31:36]} 4. cxd5
{[%clk 1:15:36]} exd5 {[%clk 1:32:00]} 5. Bg5 {[%clk 1:15:58]} Be7
{[%clk 1:32:07]} 6. e3 {[%clk 1:15:52]} O-O {[%clk 1:31:37]} 7. Qc2
{[%clk 1:14:44]} Nbd7 {[%clk 1:30:42]} 8. Bd3 {[%clk 1:15:04]} c6
{[%clk 1:31:07]} 9. Nge2 {[%clk 1:14:41]} Re8 {[%clk 1:30:36]} 10. O-O
{[%clk 1:14:15]} Nf8 {[%clk 1:21:55]} 11. f3 {[%clk 1:03:28]} Qb6
{[%clk 1:11:52]} 12. e4 {[%clk 0:51:39]} dxe4 {[%clk 0:47:16]} 13. fxe4
{[%clk 0:51:00]} Ne6 {[%clk 0:43:20]} 14. Na4 {[%clk 0:19:02]} Qd8
{[%clk 0:33:07]} 15. Bxf6 {[%clk 0:17:34]} Bxf6 {[%clk 0:33:32]} 16. d5
{[%clk 0:16:40]} Nd4 {[%clk 0:30:13]} 17. Nxd4 {[%clk 0:17:01]} Bxd4+
{[%clk 0:30:37]} 18. Kh1 {[%clk 0:17:24]} cxd5 {[%clk 0:24:06]} 19. exd5
{[%clk 0:15:13]} g6 {[%clk 0:24:31]} 20. Rac1 {[%clk 0:12:14]} Bd7
{[%clk 0:21:55]} 21. Nc3 {[%clk 0:10:05]} Qb6 {[%clk 0:15:37]} 22. Ne4
{[%clk 0:04:54]} Rac8 {[%clk 0:15:19]} 23. Qb3 {[%clk 0:00:43]} Qxb3
{[%clk 0:11:03]} 24. axb3 {[%clk 0:01:11]} Rxc1 {[%clk 0:10:10]} 25. Rxc1
{[%clk 0:01:37]} Bxb2 {[%clk 0:09:43]} 26. Rc7 {[%clk 0:00:48]} Bf5
{[%clk 0:09:32]} 27. d6 {[%clk 0:00:56]} Rd8 {[%clk 0:08:41]} 28. Rxb7
{[%clk 0:00:33]} Bxe4 {[%clk 0:08:30]} 29. Bxe4 {[%clk 0:00:59]} Rxd6
{[%clk 0:08:55]} 30. g3 {[%clk 0:01:00]} a5 {[%clk 0:06:38]} 31. Rb5
{[%clk 0:00:50]} Bc3 {[%clk 0:06:06]} 32. Bd5 {[%clk 0:01:12]} Kg7
{[%clk 0:04:55]} 33. Kg2 {[%clk 0:00:45]} Rf6 {[%clk 0:05:06]} 34. Bc4
{[%clk 0:00:32]} h5 {[%clk 0:04:16]} 35. Rb7 {[%clk 0:00:36]} Bd4
{[%clk 0:03:12]} 36. Re7 {[%clk 0:00:40]} Rf2+ {[%clk 0:03:22]} 37. Kh3
{[%clk 0:00:54]} g5 {[%clk 0:03:20]} 38. g4 {[%clk 0:00:31]} h4 {[%clk 0:03:17]}
39. Re2 {[%clk 0:00:31]} Rf4 {[%clk 0:03:01]} 40. Rd2 {[%clk 0:30:32]} Kf8
{[%clk 0:32:44]} 41. Ra2 {[%clk 0:27:35]} Bb6 {[%clk 0:30:58]} 42. Bd5
{[%clk 0:18:26]} Ke7 {[%clk 0:26:26]} 43. Rd2 {[%clk 0:17:16]} Bc7
{[%clk 0:12:11]} 44. Bc6 {[%clk 0:17:06]} Bd6 {[%clk 0:10:11]} 45. Bd5
{[%clk 0:10:32]} Be5 {[%clk 0:06:28]} 46. Ba8 {[%clk 0:08:38]} f6
{[%clk 0:06:12]} 47. Bh1 {[%clk 0:06:53]} Ke6 {[%clk 0:04:37]} 48. Bc6
{[%clk 0:06:54]} Bd4 {[%clk 0:02:57]} 49. Rd3 {[%clk 0:06:57]} Ke5
{[%clk 0:02:52]} 50. Bf3 {[%clk 0:07:14]} f5 {[%clk 0:02:35]} 51. gxf5
{[%clk 0:07:31]} Kxf5 {[%clk 0:03:00]} 52. Bh5 {[%clk 0:06:41]} g4+
{[%clk 0:03:13]} 53. Kxh4 {[%clk 0:02:41]} Bf2+ {[%clk 0:03:36]} 54. Rg3
{[%clk 0:03:08]} Bxg3+ {[%clk 0:04:01]} 55. Kxg3 {[%clk 0:00:58]} Rf3+
{[%clk 0:04:26]} *

[Event "Agen 2017 - Open A"]
[Site "?"]
[Date "2017.08.27"]
[Round "9.3"]
[White "Degardin, Sylvain"]
[Black "Pupier, Terry"]
[Result "1-0"]
[LiveChessVersion "1.4.8"]
[BlackElo "2116"]
[WhiteElo "2195"]

1. e4 {[%clk 1:30:52]} c5 {[%clk 1:30:54]} 2. Nf3 {[%clk 1:31:10]} Nc6
{[%clk 1:31:17]} 3. Nc3 {[%clk 1:31:30]} e5 {[%clk 1:30:14]} 4. Bc4
{[%clk 1:31:52]} Be7 {[%clk 1:30:01]} 5. d3 {[%clk 1:32:15]} Nf6 {[%clk 1:28:01]}
6. O-O {[%clk 1:32:30]} d6 {[%clk 1:25:09]} 7. Ng5 {[%clk 1:32:35]} O-O
{[%clk 1:24:29]} 8. f4 {[%clk 1:32:34]} Bg4 {[%clk 1:21:42]} 9. Qe1
{[%clk 1:32:06]} exf4 {[%clk 1:16:19]} 10. Bxf4 {[%clk 1:32:11]} Nd4
{[%clk 1:14:17]} 11. Qd2 {[%clk 1:32:23]} h6 {[%clk 1:11:42]} 12. Nf3
{[%clk 1:32:38]} Bxf3 {[%clk 1:07:10]} 13. gxf3 {[%clk 1:32:52]} Qd7
{[%clk 1:04:53]} 14. Qg2 {[%clk 1:28:22]} Kh8 {[%clk 1:01:54]} 15. Kh1
{[%clk 1:19:03]} b5 {[%clk 0:54:34]} 16. Rg1 {[%clk 1:11:44]} Nh5
{[%clk 0:43:57]} 17. Bd5 {[%clk 1:05:02]} Rac8 {[%clk 0:30:18]} 18. Be3
{[%clk 1:01:10]} Bf6 {[%clk 0:16:47]} 19. f4 {[%clk 0:58:18]} b4 {[%clk 0:13:09]}
20. Nd1 {[%clk 0:57:29]} Rg8 {[%clk 0:10:49]} 21. c3 {[%clk 0:55:53]} bxc3
{[%clk 0:07:54]} 22. bxc3 {[%clk 0:56:09]} Nb5 {[%clk 0:07:33]} 23. Rc1
{[%clk 0:54:24]} g5 {[%clk 0:04:12]} 24. fxg5 {[%clk 0:38:01]} Bxg5
{[%clk 0:02:55]} 25. Qf3 {[%clk 0:37:47]} Bxe3 {[%clk 0:01:24]} 26. Nxe3
{[%clk 0:38:04]} Ng7 {[%clk 0:01:14]} 27. Qf6 {[%clk 0:37:06]} Qe8 1-0